[Event "C16"]
[Site "?"]
[Date "2015.08.07"]
[Round "8.3"]
[White "Winiarski, Mikolaj"]
[Black "Adamczewski, Maciej"]
[Result "1-0"]
[LiveChessVersion "1.4.6"]
[BlackElo "1863"]
[WhiteElo "2070"]

1. d4 {[%clk 0:15:19]} Nf6 {[%clk 0:15:19]} 2. c4 {[%clk 0:15:27]} g6
{[%clk 0:15:28]} 3. f3 {[%clk 0:15:36]} d6 {[%clk 0:15:33]} 4. e4
{[%clk 0:15:43]} Bg7 {[%clk 0:15:42]} 5. Be3 {[%clk 0:15:52]} Nbd7
{[%clk 0:15:19]} 6. Nc3 {[%clk 0:15:54]} e5 {[%clk 0:15:27]} 7. Nge2
{[%clk 0:16:00]} a5 {[%clk 0:15:22]} 8. Qd2 {[%clk 0:15:44]} O-O {[%clk 0:15:05]}
9. O-O-O {[%clk 0:15:41]} exd4 {[%clk 0:13:46]} 10. Nxd4 {[%clk 0:15:49]} Ne5
{[%clk 0:13:42]} 11. h3 {[%clk 0:15:12]} Re8 {[%clk 0:13:32]} 12. Be2
{[%clk 0:14:54]} Bd7 {[%clk 0:13:35]} 13. f4 {[%clk 0:14:17]} Nc6
{[%clk 0:13:41]} 14. Bf3 {[%clk 0:14:24]} Nxd4 {[%clk 0:13:29]} 15. Bxd4
{[%clk 0:14:31]} Bc6 {[%clk 0:13:36]} 16. Rhe1 {[%clk 0:13:54]} Re7
{[%clk 0:11:29]} 17. Nd5 {[%clk 0:12:56]} Bxd5 {[%clk 0:11:12]} 18. exd5
{[%clk 0:11:51]} Rxe1 {[%clk 0:11:01]} 19. Rxe1 {[%clk 0:11:59]} Qf8
{[%clk 0:10:25]} 20. Qc3 {[%clk 0:11:35]} Ne8 {[%clk 0:10:21]} 21. g4
{[%clk 0:10:23]} b6 {[%clk 0:08:03]} 22. Re2 {[%clk 0:08:54]} Rd8
{[%clk 0:07:04]} 23. Kc2 {[%clk 0:08:32]} Bxd4 {[%clk 0:06:41]} 24. Qxd4
{[%clk 0:08:41]} Ng7 {[%clk 0:06:36]} 25. f5 {[%clk 0:07:18]} f6 {[%clk 0:06:20]}
26. fxg6 {[%clk 0:06:22]} hxg6 {[%clk 0:06:28]} 27. Be4 {[%clk 0:05:41]} Qf7
{[%clk 0:06:09]} 28. Rf2 {[%clk 0:05:34]} Rf8 {[%clk 0:05:43]} 29. Bd3
{[%clk 0:05:39]} f5 {[%clk 0:04:58]} 30. gxf5 {[%clk 0:05:34]} gxf5
{[%clk 0:04:58]} 31. Qf4 {[%clk 0:04:43]} Qf6 {[%clk 0:04:16]} 32. Rg2
{[%clk 0:03:48]} Rf7 {[%clk 0:04:01]} 33. Rg5 {[%clk 0:02:27]} Kf8
{[%clk 0:03:45]} 34. h4 {[%clk 0:02:25]} Qe5 {[%clk 0:03:31]} 35. Qf2
{[%clk 0:02:14]} a4 {[%clk 0:03:16]} 36. h5 {[%clk 0:01:45]} a3 {[%clk 0:03:07]}
37. bxa3 {[%clk 0:01:51]} Qa1 {[%clk 0:02:29]} 38. Kb3 {[%clk 0:01:59]} Nxh5
{[%clk 0:02:14]} 39. Rxf5 {[%clk 0:01:17]} Nf6 {[%clk 0:02:22]} 40. Qh2
{[%clk 0:01:05]} Qd1+ {[%clk 0:02:26]} 41. Bc2 {[%clk 0:01:12]} Qg4
{[%clk 0:02:25]} 42. Qh8+ {[%clk 0:01:03]} Ng8 {[%clk 0:02:05]} 43. Rxf7+
{[%clk 0:01:01]} Kxf7 {[%clk 0:02:14]} 44. Qh7+ {[%clk 0:01:05]} Qg7
{[%clk 0:01:57]} 45. Qf5+ {[%clk 0:01:12]} Ke7 {[%clk 0:02:02]} 46. Qc8
{[%clk 0:01:18]} Kf6 {[%clk 0:02:10]} 47. Qe6+ {[%clk 0:01:22]} Kg5
{[%clk 0:02:19]} 48. Qf5+ {[%clk 0:01:30]} Kh6 {[%clk 0:02:25]} 49. a4
{[%clk 0:00:52]} Nf6 {[%clk 0:02:14]} 50. Qh3+ {[%clk 0:00:55]} Nh5
{[%clk 0:02:12]} 51. Qe3+ {[%clk 0:00:57]} Qg5 {[%clk 0:02:17]} 52. Qxg5+
{[%clk 0:01:04]} Kxg5 {[%clk 0:02:26]} 53. Kb4 {[%clk 0:01:11]} Nf6
{[%clk 0:02:31]} 54. a5 {[%clk 0:01:16]} bxa5+ {[%clk 0:02:24]} 55. Kxa5
{[%clk 0:01:24]} Kf4 {[%clk 0:02:23]} 56. Kb5 {[%clk 0:01:27]} Ke3
{[%clk 0:01:54]} 57. a4 {[%clk 0:01:30]} Nd7 {[%clk 0:02:00]} 58. Bf5
{[%clk 0:01:23]} Nc5 {[%clk 0:02:09]} 59. a5 {[%clk 0:01:13]} Kd4
{[%clk 0:02:17]} 60. Bc8 {[%clk 0:01:14]} 1-0

[Event "C16"]
[Site "?"]
[Date "2015.08.07"]
[Round "8.5"]
[White "Putlak, Wojciech"]
[Black "Szostko, Jakub"]
[Result "0-1"]
[LiveChessVersion "1.4.6"]
[BlackElo "1917"]
[WhiteElo "1995"]

1. d4 {[%clk 0:15:18]} Nf6 {[%clk 0:15:18]} 2. Nf3 {[%clk 0:15:25]} g6
{[%clk 0:15:25]} 3. g3 {[%clk 0:15:33]} Bg7 {[%clk 0:15:34]} 4. Bg2
{[%clk 0:15:42]} O-O {[%clk 0:15:42]} 5. O-O {[%clk 0:15:50]} d6 {[%clk 0:15:51]}
6. a4 {[%clk 0:15:54]} Nbd7 {[%clk 0:15:19]} 7. Nc3 {[%clk 0:15:59]} c6
{[%clk 0:15:26]} 8. b3 {[%clk 0:15:21]} Qc7 {[%clk 0:15:27]} 9. Bb2
{[%clk 0:15:29]} Re8 {[%clk 0:15:23]} 10. e4 {[%clk 0:15:33]} e5 {[%clk 0:15:28]}
11. Re1 {[%clk 0:15:33]} exd4 {[%clk 0:15:13]} 12. Nxd4 {[%clk 0:15:31]} Nc5
{[%clk 0:15:18]} 13. Qd2 {[%clk 0:14:49]} a5 {[%clk 0:14:57]} 14. Rad1
{[%clk 0:13:56]} h5 {[%clk 0:13:25]} 15. h4 {[%clk 0:12:23]} Bd7 {[%clk 0:12:13]}
16. Ba3 {[%clk 0:10:35]} Rad8 {[%clk 0:11:40]} 17. Nde2 {[%clk 0:08:37]} Nfxe4
{[%clk 0:10:25]} 18. Nxe4 {[%clk 0:08:44]} Nxe4 {[%clk 0:10:34]} 19. Bxe4
{[%clk 0:08:52]} Rxe4 {[%clk 0:10:43]} 20. Bxd6 {[%clk 0:08:38]} Qb6
{[%clk 0:10:52]} 21. Bf4 {[%clk 0:08:17]} Ree8 {[%clk 0:08:31]} 22. Qc1
{[%clk 0:04:27]} Bg4 {[%clk 0:08:01]} 23. Rxd8 {[%clk 0:03:52]} Qxd8
{[%clk 0:07:27]} 24. Be3 {[%clk 0:03:30]} Qd5 {[%clk 0:07:27]} 25. Nf4
{[%clk 0:03:24]} Qf3 {[%clk 0:07:26]} 26. Kh2 {[%clk 0:02:43]} Bc3
{[%clk 0:07:00]} 27. Rf1 {[%clk 0:02:04]} Rd8 {[%clk 0:06:19]} 28. Nd3
{[%clk 0:00:43]} Be6 {[%clk 0:05:21]} 29. Nf4 {[%clk 0:00:35]} Bf5
{[%clk 0:05:18]} 30. Ng2 {[%clk 0:00:16]} Be4 {[%clk 0:04:44]} 31. Rg1
{[%clk 0:00:23]} Be5 {[%clk 0:04:26]} 32. Bf4 {[%clk 0:00:22]} Bxf4
{[%clk 0:03:57]} 33. Nxf4 {[%clk 0:00:20]} Qxf2+ {[%clk 0:04:04]} 34. Ng2
{[%clk 0:00:26]} Rd2 {[%clk 0:03:57]} 35. Qf1 {[%clk 0:00:13]} Qxf1
{[%clk 0:04:05]} 36. Rxf1 {[%clk 0:00:20]} Rxg2+ {[%clk 0:04:14]} 37. Kh3
{[%clk 0:00:29]} Rxc2 {[%clk 0:04:21]} 0-1

[Event "C16"]
[Site "?"]
[Date "2015.08.07"]
[Round "9.1"]
[White "Koziol, Kamil"]
[Black "Janik, Igor"]
[Result "1/2-1/2"]
[LiveChessVersion "1.4.6"]
[BlackElo "2124"]
[WhiteElo "1962"]

1. d4 {[%clk 0:15:04]} d5 {[%clk 0:15:19]} 2. c4 {[%clk 0:15:07]} c6
{[%clk 0:15:28]} 3. Nc3 {[%clk 0:15:14]} Nf6 {[%clk 0:15:37]} 4. Nf3
{[%clk 0:15:12]} e6 {[%clk 0:15:46]} 5. cxd5 {[%clk 0:15:18]} cxd5
{[%clk 0:15:45]} 6. Bg5 {[%clk 0:14:55]} Nc6 {[%clk 0:15:36]} 7. e3
{[%clk 0:15:01]} Be7 {[%clk 0:15:42]} 8. Bd3 {[%clk 0:14:31]} h6 {[%clk 0:15:35]}
9. Bh4 {[%clk 0:14:18]} a6 {[%clk 0:15:35]} 10. O-O {[%clk 0:13:17]} Bd7
{[%clk 0:15:33]} 11. a3 {[%clk 0:12:00]} Rc8 {[%clk 0:14:55]} 12. Rc1
{[%clk 0:11:17]} Na5 {[%clk 0:14:46]} 13. Ne5 {[%clk 0:10:51]} b5
{[%clk 0:14:34]} 14. b4 {[%clk 0:09:48]} Nc4 {[%clk 0:14:39]} 15. Bxc4
{[%clk 0:09:26]} bxc4 {[%clk 0:14:31]} 16. Na4 {[%clk 0:08:20]} g5
{[%clk 0:07:16]} 17. Bg3 {[%clk 0:07:30]} h5 {[%clk 0:07:05]} 18. f3
{[%clk 0:06:40]} h4 {[%clk 0:06:40]} 19. Bf2 {[%clk 0:06:26]} Qc7
{[%clk 0:04:59]} 20. Nc5 {[%clk 0:05:32]} Bd6 {[%clk 0:04:35]} 1/2-1/2

[Event "C16"]
[Site "?"]
[Date "2015.08.07"]
[Round "9.2"]
[White "Karpus, Michal"]
[Black "Winiarski, Mikolaj"]
[Result "1-0"]
[LiveChessVersion "1.4.6"]
[BlackElo "2070"]
[WhiteElo "1971"]

1. e4 {[%clk 0:15:18]} c5 {[%clk 0:15:19]} 2. Nf3 {[%clk 0:15:26]} Nc6
{[%clk 0:15:27]} 3. d4 {[%clk 0:15:34]} cxd4 {[%clk 0:15:36]} 4. Nxd4
{[%clk 0:15:42]} Nf6 {[%clk 0:15:44]} 5. Nc3 {[%clk 0:15:50]} e6 {[%clk 0:15:53]}
6. Ndb5 {[%clk 0:15:57]} d6 {[%clk 0:16:01]} 7. Bf4 {[%clk 0:16:03]} e5
{[%clk 0:16:06]} 8. Bg5 {[%clk 0:16:12]} a6 {[%clk 0:16:15]} 9. Na3
{[%clk 0:16:20]} b5 {[%clk 0:16:02]} 10. Bxf6 {[%clk 0:16:28]} Qxf6
{[%clk 0:15:08]} 11. Nd5 {[%clk 0:15:06]} Qd8 {[%clk 0:15:17]} 12. c3
{[%clk 0:11:26]} Be7 {[%clk 0:14:52]} 13. Bd3 {[%clk 0:10:58]} O-O
{[%clk 0:14:47]} 14. O-O {[%clk 0:11:03]} Be6 {[%clk 0:14:36]} 15. Nc2
{[%clk 0:09:49]} Bg5 {[%clk 0:13:51]} 16. a4 {[%clk 0:09:41]} bxa4
{[%clk 0:13:53]} 17. Rxa4 {[%clk 0:09:46]} a5 {[%clk 0:14:01]} 18. g3
{[%clk 0:09:14]} Ne7 {[%clk 0:11:56]} 19. Bc4 {[%clk 0:08:41]} Rc8
{[%clk 0:09:57]} 20. Nxe7+ {[%clk 0:08:17]} Bxe7 {[%clk 0:09:59]} 21. Bxe6
{[%clk 0:08:12]} fxe6 {[%clk 0:10:08]} 22. Ne3 {[%clk 0:08:13]} Rc5
{[%clk 0:08:36]} 23. Qb3 {[%clk 0:08:01]} Rf6 {[%clk 0:06:56]} 24. Rfa1
{[%clk 0:07:20]} h5 {[%clk 0:06:13]} 25. Qa2 {[%clk 0:05:25]} Kh7
{[%clk 0:04:27]} 26. Rxa5 {[%clk 0:05:28]} Rxa5 27. Qxa5 {[%clk 0:05:36]} Qf8
{[%clk 0:04:46]} 28. Rf1 {[%clk 0:05:08]} h4 {[%clk 0:04:07]} 29. Qa6
{[%clk 0:05:00]} hxg3 {[%clk 0:03:26]} 30. fxg3 {[%clk 0:05:08]} Rxf1+
{[%clk 0:03:23]} 31. Qxf1 {[%clk 0:05:17]} Qb8 {[%clk 0:03:29]} 32. Qh3+
{[%clk 0:05:25]} Kg6 {[%clk 0:03:32]} 33. Qxe6+ {[%clk 0:05:24]} Bf6
{[%clk 0:03:41]} 34. Nc4 {[%clk 0:04:37]} Qa7+ {[%clk 0:02:09]} 35. Kg2
{[%clk 0:04:44]} Qa4 {[%clk 0:02:15]} 36. Qg4+ {[%clk 0:04:49]} Kh7
{[%clk 0:02:17]} 37. Qe2 {[%clk 0:04:57]} Qb5 {[%clk 0:02:09]} 38. Kf3
{[%clk 0:03:18]} Qc5 {[%clk 0:01:21]} 39. b4 {[%clk 0:02:23]} Qg1
{[%clk 0:01:26]} 40. Nxd6 {[%clk 0:02:28]} Qh1+ {[%clk 0:01:35]} 41. Kg4
{[%clk 0:02:34]} Qc1 {[%clk 0:01:23]} 42. c4 {[%clk 0:02:22]} Qh6
{[%clk 0:01:02]} 43. Nf5 {[%clk 0:02:12]} Qg6+ {[%clk 0:00:43]} 44. Kh3
{[%clk 0:02:20]} Qe8 {[%clk 0:00:49]} 45. c5 {[%clk 0:02:21]} Qc8
{[%clk 0:00:56]} 46. Kg2 {[%clk 0:02:24]} g6 {[%clk 0:00:54]} 47. Nd6
{[%clk 0:02:32]} Qc7 {[%clk 0:00:47]} 48. Qc4 {[%clk 0:02:24]} Kh6
{[%clk 0:00:37]} 49. Qg8 {[%clk 0:02:19]} 1-0

[Event "C16"]
[Site "?"]
[Date "2015.08.07"]
[Round "9.3"]
[White "Szostko, Jakub"]
[Black "Zaleski, Lukasz"]
[Result "1/2-1/2"]
[LiveChessVersion "1.4.6"]
[BlackElo "1955"]
[WhiteElo "1917"]

1. e4 {[%clk 0:15:19]} e6 {[%clk 0:15:19]} 2. d4 {[%clk 0:15:28]} d5
{[%clk 0:15:27]} 3. Nc3 {[%clk 0:15:34]} Nf6 {[%clk 0:15:35]} 4. e5
{[%clk 0:15:42]} Nfd7 {[%clk 0:15:44]} 5. f4 {[%clk 0:15:51]} c5 {[%clk 0:15:53]}
6. Nf3 {[%clk 0:16:00]} Nc6 {[%clk 0:16:02]} 7. Be3 {[%clk 0:16:08]} cxd4
{[%clk 0:16:08]} 8. Nxd4 {[%clk 0:16:16]} Bc5 {[%clk 0:16:16]} 9. Qd2
{[%clk 0:16:22]} O-O {[%clk 0:16:21]} 10. O-O-O {[%clk 0:16:28]} a6
{[%clk 0:16:28]} 11. Qf2 {[%clk 0:16:30]} Bxd4 {[%clk 0:16:24]} 12. Bxd4
{[%clk 0:16:39]} b5 {[%clk 0:16:26]} 13. Bd3 {[%clk 0:16:31]} Qa5
{[%clk 0:15:20]} 14. Kb1 {[%clk 0:16:33]} Nxd4 {[%clk 0:15:15]} 15. Qxd4
{[%clk 0:16:41]} b4 {[%clk 0:15:20]} 16. Ne2 {[%clk 0:16:40]} Qc5
{[%clk 0:15:13]} 17. h4 {[%clk 0:16:27]} a5 {[%clk 0:14:57]} 18. Qxc5
{[%clk 0:16:01]} Nxc5 {[%clk 0:15:05]} 19. Nd4 {[%clk 0:16:06]} Nxd3
{[%clk 0:14:52]} 20. cxd3 {[%clk 0:14:25]} Ba6 {[%clk 0:14:59]} 21. Nb3
{[%clk 0:14:27]} Rfc8 {[%clk 0:12:30]} 22. d4 {[%clk 0:14:30]} Bc4
{[%clk 0:10:54]} 23. Nc5 {[%clk 0:14:36]} Ra7 {[%clk 0:10:11]} 24. b3
{[%clk 0:14:22]} Bb5 {[%clk 0:10:14]} 25. Rc1 {[%clk 0:14:28]} Rac7
{[%clk 0:09:55]} 26. Kb2 {[%clk 0:14:36]} h5 {[%clk 0:08:35]} 27. Nb7
{[%clk 0:13:56]} Rxc1 {[%clk 0:07:34]} 28. Rxc1 {[%clk 0:14:04]} Rxc1
{[%clk 0:07:40]} 29. Kxc1 {[%clk 0:14:14]} a4 {[%clk 0:07:49]} 30. Nd6
{[%clk 0:13:49]} Bc6 {[%clk 0:07:45]} 31. bxa4 {[%clk 0:13:26]} Bxa4
{[%clk 0:07:54]} 32. Kb2 {[%clk 0:13:36]} f6 {[%clk 0:06:45]} 33. Nb7
{[%clk 0:12:50]} Kf7 {[%clk 0:06:35]} 34. Nd6+ {[%clk 0:12:18]} Ke7
{[%clk 0:06:15]} 35. Nc8+ {[%clk 0:12:13]} Kf7 {[%clk 0:05:29]} 36. Nd6+
{[%clk 0:12:19]} Ke7 {[%clk 0:05:37]} 37. Nc8+ {[%clk 0:12:28]} Kf7
{[%clk 0:05:46]} 38. Nd6+ {[%clk 0:11:46]} Ke7 {[%clk 0:05:52]} 39. g3
{[%clk 0:11:34]} fxe5 {[%clk 0:05:41]} 40. fxe5 {[%clk 0:11:42]} Kd7
{[%clk 0:05:08]} 41. Nb7 {[%clk 0:11:16]} Ke7 {[%clk 0:05:00]} 42. Nd6
{[%clk 0:10:32]} Kd7 {[%clk 0:05:05]} 1/2-1/2

[Event "C16"]
[Site "?"]
[Date "2015.08.07"]
[Round "9.4"]
[White "Szmer, Aleksander"]
[Black "Zylka, Stanislaw"]
[Result "1/2-1/2"]
[LiveChessVersion "1.4.6"]
[BlackElo "2197"]
[WhiteElo "1881"]

1. e4 {[%clk 0:15:19]} c5 {[%clk 0:15:19]} 2. Nf3 {[%clk 0:15:27]} Nc6
{[%clk 0:15:28]} 3. Bb5 {[%clk 0:15:22]} g6 {[%clk 0:15:37]} 4. Bxc6
{[%clk 0:15:23]} dxc6 {[%clk 0:15:46]} 5. d4 {[%clk 0:15:26]} cxd4
{[%clk 0:15:49]} 6. Qxd4 {[%clk 0:15:24]} Qxd4 {[%clk 0:15:55]} 7. Nxd4
{[%clk 0:15:33]} Bg7 {[%clk 0:16:02]} 8. c3 {[%clk 0:15:35]} e5 {[%clk 0:15:17]}
9. Nf3 {[%clk 0:15:36]} Bg4 {[%clk 0:14:11]} 10. Be3 {[%clk 0:15:12]} Ne7
{[%clk 0:13:48]} 11. Nbd2 {[%clk 0:15:02]} O-O {[%clk 0:13:17]} 12. Nc4
{[%clk 0:14:44]} Bxf3 {[%clk 0:12:35]} 13. gxf3 {[%clk 0:14:53]} Rfd8
{[%clk 0:11:34]} 14. Ke2 {[%clk 0:14:29]} f6 {[%clk 0:08:40]} 15. Rhd1
{[%clk 0:14:28]} b6 {[%clk 0:08:49]} 16. a4 {[%clk 0:14:00]} Bf8 {[%clk 0:03:55]}
17. a5 {[%clk 0:13:49]} b5 {[%clk 0:03:25]} 18. Nd2 {[%clk 0:13:46]} Nc8
{[%clk 0:03:00]} 19. Nb3 {[%clk 0:13:54]} Nd6 {[%clk 0:02:43]} 20. Nd2
{[%clk 0:13:08]} Kf7 {[%clk 0:02:42]} 21. Bc5 {[%clk 0:12:24]} Ke6
{[%clk 0:02:19]} 22. b4 {[%clk 0:11:34]} 1/2-1/2

[Event "C16"]
[Site "?"]
[Date "2015.08.08"]
[Round "10.1"]
[White "Janik, Igor"]
[Black "Szostko, Jakub"]
[Result "1/2-1/2"]
[LiveChessVersion "1.4.6"]
[BlackElo "1917"]
[WhiteElo "2124"]

1. e4 {[%clk 0:15:19]} c6 {[%clk 0:15:19]} 2. d4 {[%clk 0:15:25]} d5
{[%clk 0:15:28]} 3. e5 {[%clk 0:15:33]} Bf5 {[%clk 0:15:37]} 4. Nd2
{[%clk 0:15:42]} e6 {[%clk 0:15:44]} 5. Nb3 {[%clk 0:15:52]} Nd7 {[%clk 0:15:51]}
6. Nf3 {[%clk 0:16:00]} Bg6 {[%clk 0:15:57]} 7. Be2 {[%clk 0:16:07]} Nh6
{[%clk 0:16:00]} 8. Bd2 {[%clk 0:16:14]} Nf5 {[%clk 0:16:06]} 9. O-O
{[%clk 0:16:18]} h5 {[%clk 0:16:14]} 10. Rc1 {[%clk 0:16:14]} h4 {[%clk 0:16:21]}
11. c4 {[%clk 0:16:03]} dxc4 {[%clk 0:16:23]} 12. Na5 {[%clk 0:16:07]} Qc8
{[%clk 0:15:01]} 13. Nxc4 {[%clk 0:15:53]} Be7 {[%clk 0:14:51]} 14. Bg5
{[%clk 0:15:06]} Bxg5 {[%clk 0:13:58]} 15. Nxg5 {[%clk 0:15:14]} Nb6
{[%clk 0:13:59]} 16. Ne4 {[%clk 0:14:07]} Nxc4 {[%clk 0:13:43]} 17. Rxc4
{[%clk 0:14:10]} Qd7 {[%clk 0:11:39]} 18. Bf3 {[%clk 0:10:21]} O-O
{[%clk 0:10:01]} 19. Nc5 {[%clk 0:08:00]} Qe7 {[%clk 0:10:04]} 20. Qc1
{[%clk 0:07:35]} b5 {[%clk 0:09:09]} 21. Rc3 {[%clk 0:06:58]} Nxd4
{[%clk 0:09:17]} 22. Qf4 {[%clk 0:06:33]} Rad8 {[%clk 0:07:57]} 23. b4
{[%clk 0:06:06]} Nxf3+ {[%clk 0:07:12]} 24. Rxf3 {[%clk 0:05:52]} Rd5
{[%clk 0:06:42]} 25. Rh3 {[%clk 0:04:59]} Rfd8 {[%clk 0:05:47]} 26. Rxh4
{[%clk 0:04:43]} Rxe5 {[%clk 0:05:12]} 27. Qxe5 {[%clk 0:04:28]} Qxh4
{[%clk 0:05:20]} 28. Qc7 {[%clk 0:03:57]} Rd5 {[%clk 0:04:55]} 29. a3 1/2-1/2

[Event "C16"]
[Site "?"]
[Date "2015.08.08"]
[Round "10.2"]
[White "Walter, Szymon"]
[Black "Karpus, Michal"]
[Result "1/2-1/2"]
[LiveChessVersion "1.4.6"]
[BlackElo "1971"]
[WhiteElo "2040"]

1. e4 {[%clk 0:15:17]} e5 {[%clk 0:15:18]} 2. Nf3 {[%clk 0:15:22]} Nc6
{[%clk 0:15:26]} 3. Bb5 {[%clk 0:15:29]} a6 {[%clk 0:15:34]} 4. Ba4
{[%clk 0:15:36]} Nf6 {[%clk 0:15:42]} 5. O-O {[%clk 0:15:40]} Be7
{[%clk 0:15:50]} 6. Re1 {[%clk 0:15:36]} b5 {[%clk 0:15:53]} 7. Bb3
{[%clk 0:15:43]} d6 {[%clk 0:16:01]} 8. c3 {[%clk 0:15:20]} O-O {[%clk 0:16:08]}
9. d4 {[%clk 0:15:25]} Bg4 {[%clk 0:16:14]} 10. Be3 {[%clk 0:15:11]} Bh5
{[%clk 0:16:18]} 11. h3 {[%clk 0:14:10]} exd4 {[%clk 0:14:55]} 12. cxd4
{[%clk 0:14:17]} d5 {[%clk 0:15:03]} 13. e5 {[%clk 0:12:21]} Ne4 {[%clk 0:15:11]}
14. Nc3 {[%clk 0:11:23]} Nxc3 {[%clk 0:15:16]} 15. bxc3 {[%clk 0:11:30]} Na5
{[%clk 0:14:58]} 16. Bc2 {[%clk 0:11:23]} Nc4 {[%clk 0:14:58]} 17. Bf4
{[%clk 0:10:55]} f5 {[%clk 0:13:56]} 18. exf6 {[%clk 0:05:24]} Rxf6
{[%clk 0:12:21]} 19. Bxh7+ {[%clk 0:02:47]} Kh8 {[%clk 0:11:44]} 20. Bg5
{[%clk 0:01:55]} Bxf3 {[%clk 0:11:13]} 21. gxf3 {[%clk 0:01:52]} Kxh7
{[%clk 0:11:16]} 22. Bxf6 {[%clk 0:02:00]} Bxf6 {[%clk 0:11:23]} 23. Qd3+
{[%clk 0:02:01]} Kg8 {[%clk 0:11:20]} 24. Qf5 {[%clk 0:01:55]} Bh4
{[%clk 0:05:56]} 25. f4 {[%clk 0:01:16]} Nd2 {[%clk 0:05:12]} 26. Re6
{[%clk 0:00:59]} Ne4 {[%clk 0:04:46]} 27. f3 {[%clk 0:00:53]} Nf6
{[%clk 0:03:37]} 28. Kh2 {[%clk 0:00:40]} Qf8 {[%clk 0:02:57]} 29. Rg1
{[%clk 0:00:38]} Re8 {[%clk 0:02:50]} 30. Rxe8 {[%clk 0:00:38]} Qxe8
{[%clk 0:02:58]} 31. Qe5 {[%clk 0:00:35]} Qc6 {[%clk 0:02:45]} 32. Rc1
{[%clk 0:00:14]} b4 {[%clk 0:02:52]} 33. Qe3 {[%clk 0:00:18]} Qa4
{[%clk 0:00:57]} 1/2-1/2

[Event "C16"]
[Site "?"]
[Date "2015.08.08"]
[Round "10.3"]
[White "Winiarski, Mikolaj"]
[Black "Mockun, Dawid"]
[Result "1-0"]
[LiveChessVersion "1.4.6"]
[BlackElo "1826"]
[WhiteElo "2070"]

1. d4 {[%clk 0:15:19]} d5 {[%clk 0:15:17]} 2. c4 {[%clk 0:15:27]} e6
{[%clk 0:15:12]} 3. cxd5 {[%clk 0:15:36]} exd5 {[%clk 0:15:21]} 4. Nc3
{[%clk 0:15:45]} Nf6 {[%clk 0:15:24]} 5. Bg5 {[%clk 0:15:52]} c6 {[%clk 0:15:33]}
6. e3 {[%clk 0:15:59]} Be7 {[%clk 0:15:41]} 7. Bd3 {[%clk 0:16:01]} O-O
{[%clk 0:15:48]} 8. Nge2 {[%clk 0:16:07]} Bg4 {[%clk 0:15:05]} 9. O-O
{[%clk 0:16:04]} Re8 {[%clk 0:15:11]} 10. Qc2 {[%clk 0:15:40]} Ne4
{[%clk 0:10:51]} 11. Bf4 {[%clk 0:14:46]} Bxe2 {[%clk 0:09:22]} 12. Nxe2
{[%clk 0:14:25]} Bd6 {[%clk 0:09:23]} 13. Bxd6 {[%clk 0:13:31]} Qxd6
{[%clk 0:09:29]} 14. f3 {[%clk 0:13:34]} Nf6 {[%clk 0:08:10]} 15. e4
{[%clk 0:12:59]} dxe4 {[%clk 0:08:17]} 16. fxe4 {[%clk 0:13:09]} Ng4
{[%clk 0:08:21]} 17. Rf4 {[%clk 0:13:06]} h5 {[%clk 0:06:49]} 18. h3
{[%clk 0:09:46]} Nh6 {[%clk 0:06:38]} 19. Bc4 {[%clk 0:09:21]} Qg6
{[%clk 0:01:59]} 20. Raf1 {[%clk 0:08:29]} Rf8 {[%clk 0:01:34]} 21. R1f3
{[%clk 0:07:03]} Nd7 {[%clk 0:01:16]} 22. Rg3 {[%clk 0:06:20]} Qh7
{[%clk 0:01:12]} 23. Bd3 {[%clk 0:06:24]} g6 {[%clk 0:01:11]} 24. e5
{[%clk 0:05:21]} Rae8 {[%clk 0:00:41]} 25. Rxf7 {[%clk 0:02:40]} Qxf7
{[%clk 0:00:32]} 26. Rxg6+ {[%clk 0:02:43]} Kh8 {[%clk 0:00:18]} 27. Rxh6+
{[%clk 0:02:47]} Kg8 {[%clk 0:00:26]} 28. Bc4 {[%clk 0:02:50]} Kg7
{[%clk 0:00:32]} 29. Rh7+ {[%clk 0:02:57]} 1-0

[Event "C16"]
[Site "?"]
[Date "2015.08.08"]
[Round "10.4"]
[White "Zylka, Stanislaw"]
[Black "Koziol, Kamil"]
[Result "1/2-1/2"]
[LiveChessVersion "1.4.6"]
[BlackElo "1962"]
[WhiteElo "2197"]

1. d4 {[%clk 0:15:17]} d5 {[%clk 0:15:08]} 2. c4 {[%clk 0:15:25]} e6
{[%clk 0:15:17]} 3. Nf3 {[%clk 0:15:32]} Nf6 {[%clk 0:15:24]} 4. g3
{[%clk 0:15:40]} c5 {[%clk 0:15:21]} 5. cxd5 {[%clk 0:15:21]} exd5
{[%clk 0:15:14]} 6. Nc3 {[%clk 0:15:27]} Nc6 {[%clk 0:15:05]} 7. Bg2
{[%clk 0:15:33]} Be7 {[%clk 0:15:12]} 8. O-O {[%clk 0:15:39]} O-O
{[%clk 0:15:20]} 9. Bg5 {[%clk 0:15:34]} c4 {[%clk 0:15:27]} 10. Ne5
{[%clk 0:15:38]} Be6 {[%clk 0:15:34]} 11. b3 {[%clk 0:15:07]} Qa5
{[%clk 0:13:05]} 12. Nxc6 {[%clk 0:14:57]} bxc6 {[%clk 0:13:13]} 13. Bd2
{[%clk 0:14:36]} Qa6 {[%clk 0:12:32]} 14. e3 {[%clk 0:12:19]} Rac8
{[%clk 0:12:10]} 15. bxc4 {[%clk 0:10:54]} Qxc4 {[%clk 0:08:44]} 16. Rc1
{[%clk 0:10:53]} Ba3 {[%clk 0:08:12]} 17. Nxd5 {[%clk 0:06:23]} Bxc1
{[%clk 0:07:56]} 18. Ne7+ {[%clk 0:06:01]} Kh8 {[%clk 0:08:04]} 19. Qxc1
{[%clk 0:05:19]} Rc7 {[%clk 0:06:55]} 20. Qxc4 {[%clk 0:03:58]} Bxc4
{[%clk 0:07:03]} 21. Rc1 {[%clk 0:04:05]} Bb5 {[%clk 0:03:21]} 22. Bb4
{[%clk 0:03:32]} Re8 {[%clk 0:02:57]} 23. Nf5 {[%clk 0:03:12]} Kg8
{[%clk 0:01:53]} 24. Bh3 {[%clk 0:01:53]} a5 {[%clk 0:00:43]} 25. Ba3
{[%clk 0:01:00]} g6 {[%clk 0:00:23]} 26. Nd6 {[%clk 0:00:46]} Rb8
{[%clk 0:00:30]} 27. Bg2 {[%clk 0:00:31]} Bd3 {[%clk 0:00:16]} 28. e4
{[%clk 0:00:14]} Rb1 {[%clk 0:00:15]} 29. Rxb1 Bxb1 {[%clk 0:00:24]} 30. e5
{[%clk 0:00:31]} Nd5 {[%clk 0:00:23]} 31. Ne8 {[%clk 0:00:27]} Rc8
{[%clk 0:00:17]} 32. Bxd5 {[%clk 0:00:27]} cxd5 {[%clk 0:00:16]} 33. Nf6+
{[%clk 0:00:36]} Kg7 {[%clk 0:00:23]} 34. Nxd5 {[%clk 0:00:45]} Be4
{[%clk 0:00:14]} 35. Ne3 {[%clk 0:00:14]} Rb8 {[%clk 0:00:14]} 36. Kf1
{[%clk 0:00:18]} Bb1 {[%clk 0:00:17]} 37. d5 {[%clk 0:00:24]} Bxa2
{[%clk 0:00:25]} 38. Ke2 {[%clk 0:00:12]} Rb5 {[%clk 0:00:25]} 39. d6
{[%clk 0:00:14]} Be6 {[%clk 0:00:34]} 40. f4 {[%clk 0:00:18]} Rb3
{[%clk 0:00:40]} 41. Bc5 {[%clk 0:00:20]} a4 {[%clk 0:00:49]} 42. g4
{[%clk 0:00:26]} a3 {[%clk 0:00:55]} 43. f5 {[%clk 0:00:30]} a2 {[%clk 0:01:02]}
44. Bd4 {[%clk 0:00:38]} Rb4 {[%clk 0:00:22]} 45. fxe6 {[%clk 0:00:24]} Rxd4
{[%clk 0:00:18]} 46. e7 {[%clk 0:00:33]} a1=Q {[%clk 0:00:25]} 47. e8=Q
{[%clk 0:00:35]} Qa6+ {[%clk 0:00:19]} 48. Kf3 {[%clk 0:00:22]} Rd2
{[%clk 0:00:24]} 49. Qd8 {[%clk 0:00:13]} Qe2+ {[%clk 0:00:16]} 50. Ke4
{[%clk 0:00:12]} Qd3+ {[%clk 0:00:20]} 51. Kf3 {[%clk 0:00:21]} Qe2+
{[%clk 0:00:29]} 52. Ke4 {[%clk 0:00:18]} Qd3+ {[%clk 0:00:38]} 53. Kf3
{[%clk 0:00:27]} Qe2+ {[%clk 0:00:47]} 54. Ke4 {[%clk 0:00:35]} Qd3+
{[%clk 0:00:57]} 55. Kf3 {[%clk 0:00:40]} Qe2+ {[%clk 0:01:06]} 56. Ke4
{[%clk 0:00:48]} Qd3+ {[%clk 0:00:45]} 57. Kf3 {[%clk 0:00:56]} Qe2+
{[%clk 0:00:54]} 58. Ke4 {[%clk 0:01:04]} Qd3+ {[%clk 0:00:31]} 59. Kf3
{[%clk 0:01:09]} Qe2+ {[%clk 0:00:29]} 60. Ke4 {[%clk 0:01:12]} Qd3+
{[%clk 0:00:23]} 61. Kf3 {[%clk 0:01:19]} 1/2-1/2